000 00633nam a2200217Ia 4500
001 8476
003 GE_BSU
008 181216s||||||||xx |||||||||||||| ||und||
040 _cGE_BSU
080 _a821.353.1-1
100 _aვაკელი, იონა
245 _aლექსები.
245 _cპ/მგ. რედ.: კ. ბობოხიძე.
250 _aმხატვრული ლიტ. სექტორი
260 _aთბილისი.
260 _bსახელგამი.
260 _c1940
300 _a105 გვ; 17 სმ.
653 _aლექსები.
942 _cBK
999 _c41794
_d41794